Hướng dẫn giải toán theo chuyên đề tam giác : Tự luận và trắc nghiệm luyện thi Cao đẳng, Đại học
Quyển sách "Hướng dẫn giải toán theo chuyên đề: tam giác" được biên soạn theo từng chuyên đề bao gồm trọn vẹn hệ thống kiến thức trong chương trình toán trung học phổ thông, từ vấn đề cơ bản đến vấn đề phức tạp nhất....
محفوظ في:
| المؤلف الرئيسي: | |
|---|---|
| التنسيق: | كتاب |
| اللغة: | Undetermined |
| منشور في: |
Trung tâm Học liệu ĐHCT
Nxb. Đại học Quốc gia
2004
|
| الموضوعات: | |
| الوسوم: |
إضافة وسم
لا توجد وسوم, كن أول من يضع وسما على هذه التسجيلة!
|
| Thư viện lưu trữ: | Trung tâm Học liệu Trường Đại học Cần Thơ |
|---|
| LEADER | 01103nam a2200217Ia 4500 | ||
|---|---|---|---|
| 001 | CTU_226432 | ||
| 008 | 210402s9999 xx 000 0 und d | ||
| 082 | |a 516.00712 | ||
| 082 | |b H401 | ||
| 100 | |a Phạm, An Hòa | ||
| 245 | 0 | |a Hướng dẫn giải toán theo chuyên đề tam giác : | |
| 245 | 0 | |b Tự luận và trắc nghiệm luyện thi Cao đẳng, Đại học | |
| 245 | 0 | |c Phạm An Hòa | |
| 260 | |a Trung tâm Học liệu ĐHCT | ||
| 260 | |b Nxb. Đại học Quốc gia | ||
| 260 | |c 2004 | ||
| 520 | |a Quyển sách "Hướng dẫn giải toán theo chuyên đề: tam giác" được biên soạn theo từng chuyên đề bao gồm trọn vẹn hệ thống kiến thức trong chương trình toán trung học phổ thông, từ vấn đề cơ bản đến vấn đề phức tạp nhất. | ||
| 650 | |a Geometry,Hình học | ||
| 650 | |x Study and teaching (Secondary),Dạy và học (Trung học) | ||
| 910 | |b vtbtruc | ||
| 980 | |a Trung tâm Học liệu Trường Đại học Cần Thơ | ||